名前に数字を含む市町村 - Statistics

General Stats
  • This quiz has been taken 636 times
  • The average score is 61 of 111
Answer Stats
都道府県 市町村 % Correct
岩手県 二戸市
94%
青森県 八戸市
93%
愛知県 一宮市
91%
青森県 三戸町
91%
岩手県 一関市
90%
岩手県 一戸町
88%
青森県 五戸町
88%
青森県 六戸町
85%
青森県 七戸町
85%
三重県 四日市市
81%
高知県 四万十市
80%
神奈川県 二宮町
79%
岩手県 九戸村
79%
福島県 二本松市
76%
千葉県 千葉市
74%
千葉県 四街道市
73%
静岡県 三島市
72%
高知県 四万十町
72%
東京都 八王子市
72%
長崎県 五島市
71%
新潟県 三条市
69%
千葉県 九十九里町
69%
兵庫県 三田市
67%
石川県 七尾市
67%
大阪府 四條畷市
66%
奈良県 五條市
66%
千葉県 一宮町
65%
青森県 五所川原市
65%
東京都 三鷹市
63%
広島県 三次市
63%
埼玉県 三郷市
62%
青森県 六ヶ所村
62%
千葉県 八街市
62%
京都府 八幡市
62%
新潟県 十日町市
62%
大阪府 八尾市
61%
愛媛県 四国中央市
60%
青森県 三沢市
59%
広島県 三原市
59%
徳島県 三好市
59%
千葉県 八千代市
59%
青森県 十和田市
58%
滋賀県 近江八幡市
57%
香川県 三豊市
55%
長崎県 新上五島町
55%
東京都 八丈町
55%
奈良県 十津川村
55%
神奈川県 三浦市
54%
岩手県 八幡平市
54%
熊本県 八代市
52%
佐賀県 伊万里市
52%
兵庫県 三木市
51%
新潟県 五泉市
51%
愛媛県 八幡浜市
51%
北海道 七飯町
49%
福岡県 八女市
49%
鹿児島県 十島村
49%
秋田県 八郎潟町
48%
埼玉県 八潮市
48%
北海道 千歳市
48%
宮城県 七ヶ浜町
47%
岐阜県 安八町
47%
奈良県 三郷町
46%
鹿児島県 三島村
46%
宮城県 七ヶ宿町
46%
大分県 九重町
46%
愛媛県 久万高原町
46%
岐阜県 八百津町
45%
鳥取県 八頭町
45%
北海道 新十津川町
45%
新潟県 小千谷市
44%
茨城県 五霞町
43%
福岡県 北九州市
43%
宮城県 南三陸町
41%
東京都 三宅村
41%
鹿児島県 南九州市
41%
群馬県 千代田町
41%
大阪府 千早赤阪村
41%
山形県 三川町
39%
栃木県 上三川町
39%
山梨県 市川三郷町
39%
岐阜県 七宗町
39%
和歌山県 九度山町
38%
長野県 千曲市
38%
北海道 三笠市
37%
茨城県 八千代町
37%
熊本県 五木村
36%
福島県 三島町
35%
秋田県 五城目町
35%
秋田県 八峰町
34%
鳥取県 三朝町
32%
宮崎県 五ヶ瀬町
32%
奈良県 三宅町
30%
香川県 三木町
30%
宮崎県 高千穂町
30%
埼玉県 三芳町
29%
北海道 八雲町
29%
北海道 長万部町
29%
秋田県 三種町
28%
沖縄県 八重瀬町
28%
高知県 三原村
25%
福島県 三春町
24%
宮崎県 三股町
24%
No matching quizzes found
Score Distribution
Percent of People with Each Score
Percentile by Number Answered
Your Score History
You have not taken this quiz